00542nam a2200169Ia 4500003000900000008004100009020001800050040001600068080001800084110001000102245011900112260002800231300001400259650004100273650002900314650002900343IN-BaIIA211028s9999 xx 000 0 eng d a0-8174-3201-9 cIIA Library a031.77bEKC-1 aKodak 0aEncyclopedia of Practical Photographybvol. 1, A BABcEastman Kodak Company  aNew YorkbAmphotoc1978 axi, 192p. aAstronomy and Astrophysics Thesaurus aEncyclopedia-Photography aPhotography-Encyclopedia